000 01030nmm a2200325 a 4500
001 ocm0001864968
003 TR-IsHL
005 20201028172802.0
008 180520s2016 tu tur
007 cr cn
020 _a9786059118811
035 _a1864968
_b(N$T)
050 0 4 _aQA76.76.C672
_bK45 2016
090 0 4 _aQA76.76.C672
_bK45 2016
100 1 _aKeleş, Aytürk
245 1 0 _aTorque 3D
_h[electronic resource] /
_cAytürk Keleş ; Ali Keleş
250 _aBirinci basım
260 _aİstanbul :
_bKodlab Yayınevi,
_c2016
300 _a217 p.
500 _aKaynakça var.
_x
650 4 _aBilgisayar
650 4 _aComputer Sciences
650 0 _aBilgisayar oyunları
_x Programlama
650 0 _aComputer games
_x Programming
650 0 _aVideo oyunları
_x Tasarım
650 0 _aVideo games
_x Design
650 7 _aCOMPUTERS / Programming / Games
_2bisacsh
700 1 _aKeleş, Ali
856 4 0 _uhttp://search.ebscohost.com/login.aspx?direct=true&scope=site&db=e011xww&AN=1864968
999 _c17373
_d17373